书目信息 |
| 题名: |
《阅微草堂笔记》故事选
|
|
| 作者: | 纪晓岚 著 ;孟昭晋 , 马佩欣选 注 | |
| 分册: | ||
| 出版信息: | 石家庄 河北人民出版社 1981.1 |
|
| 页数: | 123页 | |
| 开本: | 19cm | |
| 丛书名: | ||
| 单 册: | ||
| 中图分类: | I246.8 , I246.8 | |
| 科图分类: | ||
| 主题词: | 小说--中国 , 小说--中国 | |
| 电子资源: | ||
| ISBN: | ||
| 000 | 00692nam0 2200241 45 | |
| 001 | 1230633422 | |
| 005 | 20121016083304.20 | |
| 010 | @dCNY0.35 | |
| 091 | @a10086.536 | |
| 100 | @a20030114d1981 km y0chiy0120 ea | |
| 101 | 0 | @achi |
| 200 | 1 | @a《阅微草堂笔记》故事选@A《Yue Wei Cao Tang Bi Ji》Gu Shi Xuan@f纪晓岚著@FJi Xiao Lan Zhu@g孟昭晋,马佩欣选注 |
| 210 | @a石家庄@c河北人民出版社@d1981.1 | |
| 215 | @a123页@d19cm | |
| 606 | 0 | @a小说@x中国 |
| 606 | 0 | @a小说@x中国 |
| 690 | @aI246.8@v3 | |
| 690 | @aI246.8@v4 | |
| 701 | 0 | @a纪晓岚@4著 |
| 702 | 0 | @a孟昭晋@AMeng Zhao Jin@4注 |
| 702 | 0 | @a马佩欣选@AMa Pei Xin Xuan@4注 |
| 801 | @aCN@bTSTC@c20060630 | |
| 905 | @a10447@dI246.8@eJY1 | |
| 《阅微草堂笔记》故事选/纪晓岚著/孟昭晋,马佩欣选注.-石家庄:河北人民出版社,1981.1 |
| 123页;19cm |
| ISBN :CNY0.35 |
| ● |
| 相关链接 |
|
|
|
|
正题名:《阅微草堂笔记》故事选
索取号:I246.8/JY1
 
预约/预借
| 序号 | 登录号 | 条形码 | 馆藏地/架位号 | 状态 | 备注 |
| 1 | 7823947 | 278239470 | 学院路分馆/ [索取号:I246.8/JY1] | 在馆 | |
| 2 | 7823949 | 278239498 | 学院路分馆/ [索取号:I246.8/JY1] | 在馆 |